Health elementary mathematics (Record no. 389)

MARC details
000 -LEADER
fixed length control field 00378nam a22001457a 4500
003 - CONTROL NUMBER IDENTIFIER
control field OSt
005 - DATE AND TIME OF LATEST TRANSACTION
control field 20160727222354.0
008 - FIXED-LENGTH DATA ELEMENTS--GENERAL INFORMATION
fixed length control field 160622b xxu||||| |||| 00| 0 eng d
040 ## - CATALOGING SOURCE
Transcribing agency TEST
100 ## - MAIN ENTRY--PERSONAL NAME
9 (RLIN) 470
Personal name Dilley, C. A., et a
245 ## - TITLE STATEMENT
Title Health elementary mathematics
260 ## - PUBLICATION, DISTRIBUTION, ETC. (IMPRINT)
Place of publication, distribution, etc. Canada & D.C.Heath and com.
Date of publication, distribution, etc. 1975
300 ## - PHYSICAL DESCRIPTION
Extent Health elementary mathematics
942 ## - ADDED ENTRY ELEMENTS (KOHA)
Source of classification or shelving scheme Dewey Decimal Classification
Koha item type BOOK
Holdings
Withdrawn status Lost status Source of classification or shelving scheme Damaged status Not for loan Home library Current library Shelving location Date acquired Total Checkouts Full call number Barcode Date last seen Price effective from Koha item type
    Dewey Decimal Classification     Good Samaritan School Library Good Samaritan School Library Mathematics 06/22/2016   DIL510 B-10 DIL280 06/22/2016 06/22/2016 BOOK

Powered by Koha